Mystery of the brass-bound trunk (Record no. 8862)
[ view plain ]
| 000 -LEADER | |
|---|---|
| fixed length control field | 00763nam a22002057a 4500 |
| 003 - CONTROL NUMBER IDENTIFIER | |
| control field | OSt |
| 005 - DATE AND TIME OF LATEST TRANSACTION | |
| control field | 20260310061600.0 |
| 008 - FIXED-LENGTH DATA ELEMENTS--GENERAL INFORMATION | |
| fixed length control field | 260310b |||||||| |||| 00| 0 eng d |
| 020 ## - INTERNATIONAL STANDARD BOOK NUMBER | |
| International Standard Book Number | 978-0-448-09517-2 |
| 040 ## - CATALOGING SOURCE | |
| Original cataloging agency | DWCL GS lib |
| Transcribing agency | OC |
| 082 ## - DEWEY DECIMAL CLASSIFICATION NUMBER | |
| Edition number | K26m 1976 |
| 100 ## - MAIN ENTRY--PERSONAL NAME | |
| Personal name | CAROLYN KEENE |
| 245 ## - TITLE STATEMENT | |
| Title | Mystery of the brass-bound trunk |
| Statement of responsibility, etc. | CAROLYN KEENE |
| 300 ## - PHYSICAL DESCRIPTION | |
| Extent | vii, 180 pages: |
| Other physical details | illustrations |
| Dimensions | 19 cm. |
| 520 ## - SUMMARY, ETC. | |
| Summary, etc. | The Mystery of the Brass-Bound Trunk is a Nancy Drew mystery written under the pen name Carolyn Keene and features teenage detective Nancy Drew. |
| 546 ## - LANGUAGE NOTE | |
| Language note | English |
| 650 ## - SUBJECT ADDED ENTRY--TOPICAL TERM | |
| Source of heading or term | Be brave in difficult situations, Help people in trouble |
| 650 ## - SUBJECT ADDED ENTRY--TOPICAL TERM | |
| Source of heading or term | Honesty is important, Helping others is a good value |
| 942 ## - ADDED ENTRY ELEMENTS (KOHA) | |
| Source of classification or shelving scheme | Dewey Decimal Classification |
| Koha item type | Fiction |
| Classification part | Fic. |
| Suppress in OPAC | No |
No items available.